000 01210nam0a22002891 4500
001 rc\4553674
005 20130416184125.8
021 _aRU
_b[66-49816]
035 _a(NLR Aleph) 008643089
090 _a8954693
_c8954693
100 _a20130416d1966 |||y0rusy50 ca
101 0 _arus
102 _aRU
105 _ay z |||||
200 1 _aЛенин жив и будет жить в веках
_e(Из опыта работы Шушен. и Минусин. гор. дет. б-к)
_fКраснояр. краев. упр. культуры. Краев. дет. б-ка
210 _aКрасноярск
_cБ. и.
_d1966
215 _a31 с.
_d20
300 _aНа обороте тит. л. сост.: Н. Головко
606 _aДетские библиотеки
_xРабота с общественно-политической литературой
_2psbo
702 1 _aГоловко
_bН.
_4220
702 1 _aЛенин
_bВ. И.
_f1870-1924
_gВладимир Ильич
_4570
712 0 2 _aКрасноярская краев. детская б-ка
_3RU\NLR\AUTH\889961136
801 0 _aRU
_bNLR
_gpsbo
801 1 _aRU
_bELAR
_2rusmarc
852 _aNLR
_jБ 9080-1/Л45
942 _cBOOK
980 _aNB